You know you're Filipino if... : (Record no. 1485)
[ view plain ]
| 000 -LEADER | |
|---|---|
| fixed length control field | 00880nam a22003137a 4500 |
| 001 - CONTROL NUMBER | |
| control field | 4993427 |
| 003 - CONTROL NUMBER IDENTIFIER | |
| control field | OSt |
| 005 - DATE AND TIME OF LATEST TRANSACTION | |
| control field | 20140310181709.0 |
| 008 - FIXED-LENGTH DATA ELEMENTS--GENERAL INFORMATION | |
| fixed length control field | 981127s1997 ph a 000 0 eng |
| 010 ## - LIBRARY OF CONGRESS CONTROL NUMBER | |
| LC control number | 98947522 |
| 020 ## - INTERNATIONAL STANDARD BOOK NUMBER | |
| International Standard Book Number | 9716300808 (pbk.) |
| 020 ## - INTERNATIONAL STANDARD BOOK NUMBER | |
| International Standard Book Number | 9716300816 (hard) |
| 040 ## - CATALOGING SOURCE | |
| Original cataloging agency | DLC |
| Transcribing agency | DLC |
| 042 ## - AUTHENTICATION CODE | |
| Authentication code | lcode |
| 050 00 - LIBRARY OF CONGRESS CALL NUMBER | |
| Classification number | MLCS 93/00422 (G) |
| Item number | Y83 1997 |
| 082 ## - DEWEY DECIMAL CLASSIFICATION NUMBER | |
| Classification number | GT3405.P6 . |
| 100 ## - MAIN ENTRY--PERSONAL NAME | |
| Personal name | Cruz, Neni Sta. Romana |
| 245 00 - TITLE STATEMENT | |
| Title | You know you're Filipino if... : |
| Remainder of title | a Pinoy primer / |
| Statement of responsibility, etc | Neni Sta. Romana-Cruz |
| 246 30 - VARYING FORM OF TITLE | |
| Title proper/short title | Pinoy primer |
| 260 ## - PUBLICATION, DISTRIBUTION, ETC. (IMPRINT) | |
| Place of publication, distribution, etc | Manila : |
| Name of publisher, distributor, etc | Tahanan Books, |
| Date of publication, distribution, etc | 1997. |
| 300 ## - PHYSICAL DESCRIPTION | |
| Extent | 85 p. : |
| Other physical details | col. ill. ; |
| Dimensions | 20 cm. |
| 526 ## - STUDY PROGRAM INFORMATION NOTE | |
| Reading level | 880L-960L |
| 562 ## - COPY AND VERSION IDENTIFICATION NOTE | |
| Number of copies | 1 |
| 700 1# - ADDED ENTRY--PERSONAL NAME | |
| Personal name | Cruz, Neni Sta. Romana- |
| Fuller form of name | (Neni Santa Romana-) |
| 906 ## - LOCAL DATA ELEMENT F, LDF (RLIN) | |
| a | 7 |
| b | cbc |
| c | origode |
| d | 4 |
| e | ncip |
| f | 19 |
| g | y-gencatlg |
| 942 ## - ADDED ENTRY ELEMENTS (KOHA) | |
| Source of classification or shelving scheme | Library of Congress Classification |
| Koha item type | Books |
| Call number prefix | Filipininana |
| Withdrawn status | Lost status | Source of classification or shelving scheme | Damaged status | Home library | Current library | Shelving location | Date acquired | Total Checkouts | Full call number | Barcode | Date last seen | Copy number | Price effective from | Koha item type | Total Renewals | Date checked out |
|---|---|---|---|---|---|---|---|---|---|---|---|---|---|---|---|---|
| Library of Congress Classification | Luxembourg Library | Luxembourg Library | Filipiniana Section | 12/06/2012 | GT 3405 .C957 1997 | 5423 | 08/13/2013 | 2 | 12/06/2012 | Books | ||||||
| Library of Congress Classification | Luxembourg Library | Luxembourg Library | Filipiniana Section | 06/26/2013 | GT 3405 .C957 1997 | 5424 | 08/13/2013 | 1 | 06/26/2013 | Books | ||||||
| Library of Congress Classification | Luxembourg Library | Luxembourg Library | Filipiniana Section | 06/26/2013 | 2 | GT 3405 .C957 1997 | 5422 | 04/16/2019 | 3 | 06/26/2013 | Books | 4 | 03/04/2019 |